[Event "Chessable Masters Div 2"]
[Site "chess.com INT"]
[Date "2023.04.03"]
[Round "5"]
[White "Vincent Keymer"]
[Black "Georg Meier"]
[Result "1-0"]
[EventDate "?"]
[WhiteElo "2630"]
[BlackElo "2624"]
[PlyCount "88"]

1. d4 e6 2. c4 Nf6 3. Nc3 Bb4 4. e3 c5 5. Bd3 Nc6 6. Ne2 cxd4 7. exd4 d5 8. cxd5 Nxd5 9. O-O O-O 10. a3 Bd6 11. Ne4 Nce7 12. Bc2 Nf5 13. Qd3 Be7 14. N4g3 g6 15. Nxf5 exf5 16. Nf4 Bf6 17. Rd1 Re8 18. Bb3 Be6 19. Nxe6 fxe6 20. Qf3 Kg7 21. Rd3 Qd6 22. Bd2 Rad8 23. Re1 a6 24. g4 Kh8 25. gxf5 gxf5 26. Kh1 Qc6 27. Rc1 Qb5 28. Bc4 Qd7 29. Ba2 Qb5 30. Bc4 Qd7 31. Qh5 Rc8 32. Rh3 Rg8 33. b3 b5 34. Be2 Rxc1+ 35. Bxc1 Bxd4 36. Bf3 Nf6 37. Qh4 Ng4 38. Be3 Nxe3 39. fxe3 Bxe3 40. Rg3 Rxg3 41. hxg3 Bd4 42. Qf4 e5 43. Qh6 e4 44. Qf8# 1-0

[Event "WR Chess Masters"]
[Site "Duesseldorf GER"]
[Date "2023.02.21"]
[Round "5"]
[White "Vincent Keymer"]
[Black "Nodirbek Abdusattorov"]
[Result "1-0"]
[EventDate "2023.02.16"]
[WhiteElo "2690"]
[BlackElo "2734"]
[PlyCount "104"]

1. d4 Nf6 2. c4 e6 3. Nc3 Bb4 4. e3 O-O 5. Bd3 d5 6. cxd5 exd5 7. Ne2 Re8 8. O-O Nbd7 9. Qb3 Bd6 10. Nxd5 Nxd5 11. Qxd5 Nc5 12. Bxh7+ Kxh7 13. Qh5+ Kg8 14. dxc5 Re5 15. Qf3 Rxc5 16. Ng3 Bd7 17. e4 Qh4 18. Bd2 Rb5 19. Bc3 Re8 20. Rae1 Rg5 21. e5 Bc6 22. Qd3 Bc5 23. b4 Bb6 24. b5 Re6 25. Ne4 Rxg2+ 26. Kxg2 Rg6+ 27. Kh1 Rh6 28. h3 Bxb5 29. Qf3 Bd7 30. e6 Bxe6 31. Rg1 Qxh3+ 32. Qxh3 Rxh3+ 33. Kg2 Rh5 34. Kf3 Rf5+ 35. Ke2 g6 36. Rh1 Kf8 37. Bf6 Ke8 38. Rh8+ Kd7 39. Rd8+ Kc6 40. Bd4 Bxd4 41. Rxd4 b6 42. a3 Kb7 43. Rc1 Rh5 44. Ke3 a5 45. f3 Rb5 46. Rc3 Rh5 47. Rd1 a4 48. Rd4 Ra5 49. Rb4 Re5 50. Kf2 c6 51. Nc5+ Kc7 52. Nxe6+ 1-0

[Event "Airthings Masters Div 3"]
[Site "chess.com INT"]
[Date "2023.02.06"]
[Round "1"]
[White "Vincent Keymer"]
[Black "Mikhail Demidov"]
[Result "1-0"]
[EventDate "?"]
[WhiteElo "2630"]
[BlackElo "2491"]
[PlyCount "88"]

1. Nf3 Nf6 2. c4 c6 3. Nc3 d5 4. e3 g6 5. d4 Bg7 6. Be2 O-O 7. O-O Bg4 8. h3 Bxf3 9. Bxf3 e6 10. b3 Nbd7 11. Bb2 Re8 12. Qc2 Rc8 13. Rad1 a6 14. a4 Qa5 15. g3 h6 16. Bg2 Qc7 17. Ne2 b5 18. Rc1 Qb8 19. axb5 axb5 20. c5 Qb7 21. Nf4 e5 22. dxe5 Nxe5 23. Rfd1 Ra8 24. Bd4 Qe7 25. Ra1 Ned7 26. Ne2 Qf8 27. b4 Rxa1 28. Rxa1 Ra8 29. Qb2 Qc8 30. h4 Rxa1+ 31. Qxa1 Qd8 32. Bh3 Nf8 33. Qa6 Qc7 34. Qc8 Qxc8 35. Bxc8 N6d7 36. Bb7 Nb8 37. Bxg7 Kxg7 38. Nd4 Ne6 39. Nxc6 Nxc6 40. Bxc6 Nc7 41. Kf1 Kf6 42. Ke2 Na6 43. Bxb5 Nxb4 44. c6 1-0

[Event "Airthings Masters Div 3"]
[Site "chess.com INT"]
[Date "2023.02.06"]
[Round "2"]
[White "Mikhail Demidov"]
[Black "Vincent Keymer"]
[Result "1-0"]
[EventDate "?"]
[WhiteElo "2491"]
[BlackElo "2630"]
[PlyCount "96"]

1. Nf3 d5 2. g3 c5 3. Bg2 Nf6 4. c4 d4 5. b4 cxb4 6. a3 e6 7. axb4 Bxb4 8. Qa4+ Nc6 9. Ne5 Rb8 10. Bxc6+ bxc6 11. Nxc6 Bd7 12. Nxd8 Bxa4 13. Rxa4 Kxd8 14. Rxa7 Bc5 15. Ra1 Kd7 16. d3 Ra8 17. Rxa8 Rxa8 18. Nd2 Ra2 19. O-O Kc6 20. Rd1 Nd7 21. Kf1 e5 22. f4 exf4 23. gxf4 Ra1 24. Nb3 Rb1 25. Nd2 Ra1 26. Ke1 f5 27. Nf3 Ra2 28. Bd2 Nf8 29. Ng5 h6 30. Nf3 Ra8 31. Kf2 Ra2 32. Rg1 g6 33. h4 h5 34. Ne5+ Kc7 35. Be1 Ra6 36. Kf3 Kd8 37. Bf2 Ke7 38. Rb1 Kf6 39. Rb5 Ba7 40. Rb7 Bc5 41. Rb5 Ba7 42. c5 Ne6 43. c6 Ke7 44. Nxg6+ Kd6 45. Rxf5 Rxc6 46. Rxh5 Rc8 47. Rh7 Bc5 48. f5 1-0

[Event "Airthings Masters Div 3"]
[Site "chess.com INT"]
[Date "2023.02.06"]
[Round "3"]
[White "Mikhail Demidov"]
[Black "Vincent Keymer"]
[Result "1-0"]
[EventDate "?"]
[WhiteElo "2491"]
[BlackElo "2630"]
[PlyCount "100"]

1. Nf3 d5 2. g3 Bg4 3. Ne5 Bf5 4. Bg2 c6 5. d4 Nd7 6. O-O e6 7. c4 Ngf6 8. Nc3 Be7 9. Qb3 Qb6 10. Nxd7 Nxd7 11. e4 dxe4 12. Nxe4 O-O 13. Be3 Nf6 14. Nc5 Bxc5 15. dxc5 Qc7 16. Qc3 Rfe8 17. Rfd1 Rad8 18. Bf4 Rxd1+ 19. Rxd1 e5 20. Bg5 Ne4 21. Qf3 Nxg5 22. Qxf5 Ne6 23. b4 a5 24. a3 h6 25. Rd6 axb4 26. axb4 Nf8 27. h4 Qe7 28. b5 e4 29. bxc6 bxc6 30. Rxc6 e3 31. fxe3 Qxe3+ 32. Kh2 Ne6 33. Bd5 Qe2+ 34. Kh3 h5 35. Rb6 g6 36. Qf6 Qg4+ 37. Kg2 Qe2+ 38. Qf2 Nf4+ 39. gxf4 Qg4+ 40. Kh2 Re7 41. Rb2 Ra7 42. Qg3 Qf5 43. Qg5 Qd3 44. Qh6 Ra8 45. Bxa8 Qd8 46. Bf3 Qxh4+ 47. Kg2 Qd8 48. c6 Qc7 49. Bd5 Qd6 50. c7 1-0

[Event "Airthings Masters"]
[Site "chess.com INT"]
[Date "2023.02.03"]
[Round "1"]
[White "Vincent Keymer"]
[Black "Aleksandr Rakhmanov"]
[Result "1/2-1/2"]
[EventDate "2023.02.03"]
[WhiteElo "2690"]
[BlackElo "2635"]
[PlyCount "154"]

1. Nf3 d5 2. e3 e6 3. c4 Nf6 4. Nc3 a6 5. b3 c5 6. cxd5 exd5 7. g3 Nc6 8. Bg2 Be7 9. O-O O-O 10. d4 Bg4 11. dxc5 Bxc5 12. Bb2 Re8 13. h3 Bh5 14. Ne2 Bxf3 15. Bxf3 Ne5 16. Bg2 Qb6 17. Rc1 Rad8 18. Qc2 Ned7 19. Bxf6 Qxf6 20. Bxd5 b6 21. Nf4 Ne5 22. Rfd1 Ng6 23. Qc4 Nxf4 24. Qxf4 Qxf4 25. gxf4 a5 26. Kg2 g6 27. Bc6 Rf8 28. Bd7 f5 29. Rd5 Kg7 30. Rcd1 Rf6 31. R1d3 Kf8 32. h4 Ke7 33. Re5+ Kf8 34. Bxf5 Rfd6 35. Rxd6 Bxd6 36. Rb5 Bc5 37. Be6 Rd2 38. Kf3 Rxa2 39. f5 Rd2 40. fxg6 hxg6 41. Bg4 Ke7 42. h5 gxh5 43. Bxh5 Kd7 44. Bf7 Kc6 45. Be8+ Kd6 46. Kg3 Rd1 47. Bh5 Rg1+ 48. Kf4 Rf1 49. f3 Rh1 50. Bg6 Rh6 51. Bd3 Kc6 52. e4 Rd6 53. Bc4 Rd4 54. Ke5 a4 55. bxa4 Rxc4 56. f4 Rxa4 57. Rb1 Ra8 58. Rc1 Re8+ 59. Kf5 Rf8+ 60. Kg5 b5 61. e5 b4 62. f5 Kd5 63. Kf4 Rh8 64. Rd1+ Bd4 65. f6 b3 66. f7 Rf8 67. e6 Kxe6 68. Rxd4 Rxf7+ 69. Ke3 Rb7 70. Rd1 Ke5 71. Rb1 Rh7 72. Kd3 Rh3+ 73. Kc4 Rh4+ 74. Kxb3 Re4 75. Rc1 Rd4 76. Rc4 Rxc4 77. Kxc4 1/2-1/2

[Event "Airthings Masters"]
[Site "chess.com INT"]
[Date "2023.02.03"]
[Round "2"]
[White "Artyom Timofeev"]
[Black "Vincent Keymer"]
[Result "0-1"]
[EventDate "2023.02.03"]
[WhiteElo "2567"]
[BlackElo "2690"]
[PlyCount "104"]

1. d4 Nf6 2. Nc3 d5 3. Bf4 c5 4. e3 cxd4 5. exd4 Bg4 6. f3 Bd7 7. Qd2 e6 8. g4 Qb6 9. O-O-O Nc6 10. Nge2 Rc8 11. a3 Qa5 12. Kb1 b5 13. Nc1 b4 14. axb4 Bxb4 15. Nb3 Qb6 16. Qd3 Na5 17. Na2 Nc4 18. Nxb4 Qxb4 19. Bc1 Bb5 20. Nc5 Nd7 21. Qb3 Qa5 22. Nxd7 Kxd7 23. Qa2 Qxa2+ 24. Kxa2 h5 25. h4 hxg4 26. fxg4 Nd6 27. Bxb5+ Nxb5 28. c3 Nd6 29. Rdf1 f6 30. g5 Nf5 31. gxf6 gxf6 32. Rxf5 exf5 33. h5 Rcg8 34. h6 Rg4 35. Rf1 Ke6 36. b4 Rg3 37. Kb3 Rc8 38. Bd2 Rh3 39. Re1+ Kf7 40. Rf1 f4 41. Rxf4 Rxh6 42. Kc2 Rh2 43. Rf1 Rg8 44. Kd3 Rg3+ 45. Be3 Rhh3 46. Re1 f5 47. Kd2 Rf3 48. Bg5 Rd3+ 49. Ke2 Rxc3 50. Ra1 Rc2+ 51. Kd1 Rh1+ 52. Kxc2 Rxa1 0-1

[Event "Airthings Masters"]
[Site "chess.com INT"]
[Date "2023.02.03"]
[Round "4"]
[White "Ian Nepomniachtchi"]
[Black "Vincent Keymer"]
[Result "1-0"]
[EventDate "2023.02.03"]
[WhiteElo "2793"]
[BlackElo "2690"]
[PlyCount "78"]

1. e4 e5 2. Nf3 Nc6 3. Bb5 a6 4. Ba4 Nf6 5. O-O Be7 6. Qe2 b5 7. Bb3 d6 8. a4 Bg4 9. c3 O-O 10. h3 Bh5 11. d3 b4 12. a5 Rb8 13. Bc4 bxc3 14. bxc3 Nxa5 15. Rxa5 Rxb1 16. g4 Bg6 17. Qa2 Rb8 18. Rxa6 Qc8 19. Bg5 c6 20. Ra7 Rb7 21. Rxb7 Qxb7 22. Rb1 Qc7 23. Qa6 d5 24. Rb7 Qd8 25. Nxe5 dxc4 26. Nxc6 Qxd3 27. Nxe7+ Kh8 28. Nxg6+ hxg6 29. Bxf6 Qxh3 30. Be5 Rd8 31. Rb1 Qxg4+ 32. Bg3 Qxe4 33. Qb6 Rd3 34. Kh2 g5 35. Qb8+ Kh7 36. Qe5 Qg6 37. Rh1 f6 38. Kg2+ Kg8 39. Qe6+ 1-0

[Event "Airthings Masters"]
[Site "chess.com INT"]
[Date "2023.02.03"]
[Round "5"]
[White "Vincent Keymer"]
[Black "V Pranav"]
[Result "1-0"]
[EventDate "2023.02.03"]
[WhiteElo "2690"]
[BlackElo "2545"]
[PlyCount "68"]

1. Nf3 Nf6 2. c4 e6 3. Nc3 Bb4 4. Qc2 O-O 5. a3 Bxc3 6. Qxc3 b6 7. b4 Bb7 8. Bb2 d6 9. g3 Nbd7 10. Bg2 e5 11. O-O Qe7 12. d3 c5 13. Rab1 Rfe8 14. Ba1 Nf8 15. bxc5 bxc5 16. Rxb7 Qxb7 17. Nxe5 Qc8 18. Bxa8 dxe5 19. Bg2 h5 20. Qa5 Re7 21. h4 Ng4 22. Rb1 Kh7 23. Qb5 Ne6 24. Qb8 Qd7 25. Rb7 Qa4 26. Be4+ g6 27. Rxe7 Qd1+ 28. Kg2 Ne3+ 29. fxe3 Qxe2+ 30. Kh1 Qf1+ 31. Kh2 Qf2+ 32. Bg2 Ng5 33. hxg5 h4 34. Qxe5 1-0

[Event "Airthings Masters"]
[Site "chess.com INT"]
[Date "2023.02.03"]
[Round "6"]
[White "Vincent Keymer"]
[Black "Alexander Rustemov"]
[Result "1-0"]
[EventDate "2023.02.03"]
[WhiteElo "2690"]
[BlackElo "2525"]
[PlyCount "88"]

1. Nf3 d5 2. e3 Nf6 3. c4 c6 4. Nc3 a6 5. d4 Bf5 6. Nh4 Bg6 7. Nxg6 hxg6 8. Qb3 Ra7 9. Bd2 e6 10. O-O-O Nbd7 11. Kb1 Be7 12. Be2 dxc4 13. Qxc4 c5 14. dxc5 Nxc5 15. Qd4 Qb8 16. e4 b5 17. e5 Rd7 18. Qe3 Nd5 19. Nxd5 Rxd5 20. Bf3 Rxe5 21. Bc6+ Kf8 22. Qg3 Rhh5 23. Bf4 Bd6 24. Bf3 Rhf5 25. Bxe5 Bxe5 26. Qh4 g5 27. Qb4 Bd6 28. h4 Rf4 29. Qd2 Ke7 30. hxg5 Be5 31. Rhe1 Rd4 32. Qe3 Rxd1+ 33. Bxd1 Nd7 34. g6 Qd6 35. gxf7 Kxf7 36. Bb3 Kf8 37. f4 Bxf4 38. Rf1 e5 39. g3 g5 40. gxf4 exf4 41. Qh3 Nf6 42. Qh8+ Ke7 43. Re1+ Kd7 44. Rd1 1-0

[Event "Airthings Masters"]
[Site "chess.com INT"]
[Date "2023.02.03"]
[Round "7"]
[White "Eltaj Safarli"]
[Black "Vincent Keymer"]
[Result "1/2-1/2"]
[EventDate "2023.02.03"]
[WhiteElo "2608"]
[BlackElo "2690"]
[PlyCount "62"]

1. e4 c6 2. d4 d5 3. exd5 cxd5 4. c4 Nf6 5. Nc3 Nc6 6. Nf3 Bg4 7. cxd5 Nxd5 8. Qb3 Bxf3 9. gxf3 e6 10. Qxb7 Nxd4 11. Bb5+ Nxb5 12. Qc6+ Ke7 13. Qxb5 Qd7 14. Nxd5+ Qxd5 15. Qxd5 exd5 16. Be3 Ke6 17. O-O-O Bb4 18. a3 Rhc8+ 19. Kb1 Bc5 20. Rhe1 Bxe3 21. Rxe3+ Kd6 22. Red3 Rc5 23. b4 Rb5 24. Kb2 a5 25. Kb3 axb4 26. axb4 Rab8 27. Rd4 Re8 28. Re4 Reb8 29. Red4 Re8 30. Re4 Reb8 31. Red4 1/2-1/2

[Event "Airthings Masters"]
[Site "chess.com INT"]
[Date "2023.02.03"]
[Round "9"]
[White "Vincent Keymer"]
[Black "Mikhail Al Antipov"]
[Result "1-0"]
[EventDate "2023.02.03"]
[WhiteElo "2690"]
[BlackElo "2581"]
[PlyCount "108"]

1. Nf3 d5 2. e3 Nf6 3. c4 e6 4. Nc3 b6 5. cxd5 exd5 6. g3 Bb7 7. Bg2 Bd6 8. O-O O-O 9. b3 Nbd7 10. Bb2 a6 11. Rc1 Re8 12. Re1 Rc8 13. Re2 Ne4 14. d3 Nxc3 15. Bxc3 c5 16. Nh4 Nf6 17. Rec2 Bf8 18. Qf3 Rc6 19. Bb2 Ba8 20. b4 d4 21. e4 g6 22. Qd1 Nh5 23. Nf3 Bh6 24. Rb1 Ng7 25. bxc5 bxc5 26. Bc1 Bxc1 27. Rbxc1 Qd6 28. Qd2 Ne6 29. Bh3 Qc7 30. Bxe6 Rexe6 31. Qg5 f5 32. exf5 Rf6 33. Nh4 Qb7 34. f3 Qc7 35. fxg6 hxg6 36. Rxc5 Qf7 37. Qe5 Kh7 38. Qxd4 Rcd6 39. Qf2 Rd7 40. Rf1 Rxd3 41. Qc2 Re3 42. Rc7 Re7 43. Rxe7 Qxe7 44. Qc3 Rc6 45. Qd2 Rd6 46. Qf2 Re6 47. Rd1 Bc6 48. Qd4 Re1+ 49. Rxe1 Qxe1+ 50. Kg2 Qe2+ 51. Qf2 Qd3 52. Qa7+ Kh6 53. Qc5 Qe2+ 54. Kh3 1-0

[Event "Airthings Masters"]
[Site "chess.com INT"]
[Date "2023.02.03"]
[Round "1.1"]
[White "Vincent Keymer"]
[Black "Martyn Kravtsiv"]
[Result "1/2-1/2"]
[EventDate "2023.02.03"]
[WhiteElo "2690"]
[BlackElo "2598"]
[PlyCount "190"]

1. Nf3 d5 2. e3 Nf6 3. c4 e6 4. Nc3 Bd6 5. b3 O-O 6. Bb2 b6 7. g3 Bb7 8. Bg2 dxc4 9. bxc4 c5 10. O-O Nc6 11. Qe2 Qd7 12. Rad1 Rac8 13. d4 cxd4 14. exd4 Na5 15. c5 Bb8 16. Rfe1 Rfd8 17. Ba3 Qe8 18. h4 h6 19. Qf1 bxc5 20. dxc5 Qc6 21. Nb5 Qa6 22. Bb4 Bd5 23. Rc1 Nc6 24. a3 Qb7 25. Bc3 Ne4 26. Ba1 Na5 27. Nbd4 Nxc5 28. Rb1 Qa8 29. Rec1 Nab3 30. Nxb3 Nxb3 31. Rxc8 Rxc8 32. Qe2 Nxa1 33. Rxa1 Bd6 34. Ne1 Qb7 35. a4 Rc3 36. Bxd5 Qxd5 37. Ng2 Qc6 38. Ne3 Bc5 39. Nf1 Bb6 40. Ra2 a5 41. Rb2 Rc1 42. Qb5 Qxb5 43. Rxb5 Rc6 44. Kg2 Bc7 45. Nd2 Kf8 46. Nb3 Rc4 47. Nxa5 Rxa4 48. Nc6 Rc4 49. Nb4 Ke7 50. Nd3 Bd6 51. Rb7+ Rc7 52. Rb3 Rd7 53. Kf3 Rc7 54. Ke3 g6 55. Ke2 f5 56. f4 Kf6 57. Rb6 Rd7 58. Ra6 g5 59. hxg5+ hxg5 60. Ke3 Rd8 61. Ke2 Ke7 62. Kf3 g4+ 63. Ke3 Rb8 64. Ra7+ Kf6 65. Ra6 Ke7 66. Ra7+ Ke8 67. Ra6 Kd7 68. Ra7+ Kc6 69. Ra6+ Kd5 70. Ra5+ Kc4 71. Ra6 Rd8 72. Ne5+ Bxe5 73. fxe5 Rd3+ 74. Kf4 Rf3+ 75. Kg5 Rxg3 76. Rxe6 Rf3 77. Rd6 g3 78. Rd1 g2 79. Rg1 Kd5 80. Rxg2 Kxe5 81. Re2+ Kd4 82. Ra2 Rf1 83. Ra4+ Ke3 84. Ra3+ Ke4 85. Ra4+ Ke3 86. Ra3+ Kd4 87. Ra4+ Kd3 88. Ra3+ Kc4 89. Ra4+ Kd5 90. Ra5+ Ke6 91. Ra6+ Kd7 92. Ra7+ Kc6 93. Rf7 f4 94. Rxf4 Rxf4 95. Kxf4 1/2-1/2

[Event "Airthings Masters"]
[Site "chess.com INT"]
[Date "2023.02.03"]
[Round "1.2"]
[White "Martyn Kravtsiv"]
[Black "Vincent Keymer"]
[Result "1/2-1/2"]
[EventDate "2023.02.03"]
[WhiteElo "2598"]
[BlackElo "2690"]
[PlyCount "100"]

1. e4 c6 2. Nf3 d5 3. d3 dxe4 4. dxe4 Qxd1+ 5. Kxd1 Nd7 6. a4 g6 7. Nbd2 Bg7 8. Ne1 f5 9. exf5 gxf5 10. f4 Ngf6 11. Nd3 O-O 12. Nf3 Ne4 13. c3 Ndf6 14. Kc2 Be6 15. Nde5 Rfd8 16. Nd4 Rd6 17. Bc4 Nd5 18. Re1 h5 19. h3 h4 20. b3 Rad8 21. Ba3 c5 22. Nxe6 Rxe6 23. Rad1 Red6 24. Rxe4 fxe4 25. Bxc5 Kh7 26. Nf7 Ne3+ 27. Bxe3 Rxd1 28. Nxd8 Rxd8 29. Bxa7 Bh6 30. Be6 Kg6 31. f5+ Kh7 32. Bd4 Bg7 33. f6 Bxf6 34. Bxf6 exf6 35. Bf5+ Kg7 36. Bxe4 b6 37. b4 Re8 38. Bc6 Re6 39. Bf3 Re5 40. Kb3 Kf7 41. c4 Ke7 42. c5 bxc5 43. b5 Re3+ 44. Kc4 Kd6 45. a5 Ra3 46. a6 Ra4+ 47. Kb3 Ra5 48. Kc4 Ra4+ 49. Kb3 Ra5 50. Kc4 Ra4+ 1/2-1/2

[Event "Airthings Masters"]
[Site "chess.com INT"]
[Date "2023.02.03"]
[Round "1.3"]
[White "Martyn Kravtsiv"]
[Black "Vincent Keymer"]
[Result "1-0"]
[EventDate "2023.02.03"]
[WhiteElo "2598"]
[BlackElo "2690"]
[PlyCount "108"]

1. e4 c6 2. Nf3 d5 3. d3 dxe4 4. dxe4 Qxd1+ 5. Kxd1 Nd7 6. a4 g6 7. Nbd2 Bg7 8. c3 Ngf6 9. Ne1 Ng4 10. Nd3 Nde5 11. Ke1 Nxd3+ 12. Bxd3 Be6 13. Bc4 Bxc4 14. Nxc4 O-O-O 15. Bf4 e5 16. Bg3 h5 17. f3 h4 18. fxg4 hxg3 19. h3 Bh6 20. a5 Bf4 21. Ke2 Kc7 22. Rhd1 Rxd1 23. Rxd1 b5 24. Na3 a6 25. Nc2 c5 26. Rd5 Kc6 27. Ne1 c4 28. Nc2 Rc8 29. Nb4+ Kb7 30. Rd6 Bc1 31. Rb6+ Kc7 32. Nxa6+ Kd7 33. Rxb5 Ra8 34. Nb4 Bxb2 35. Kd2 Ba3 36. Rxe5 Rb8 37. a6 Kc7 38. Ra5 Rxb4 39. Rxa3 Rb2+ 40. Kc1 Rxg2 41. a7 Rg1+ 42. Kd2 Rd1+ 43. Ke2 g2 44. a8=Q g1=Q 45. Ra7+ Kd6 46. Qb8+ Ke6 47. Qe8+ Kf6 48. Qe7+ Kg7 49. Qxf7+ Kh6 50. Qg7+ Kg5 51. Qe5+ Kh6 52. g5+ Qxg5 53. Qxg5+ Kxg5 54. Kxd1 1-0

[Event "World Blitz Championship"]
[Site "Almaty KAZ"]
[Date "2022.12.30"]
[Round "15.12"]
[White "Vincent Keymer"]
[Black "Nodirbek Abdusattorov"]
[Result "1-0"]
[EventDate "2022.12.29"]
[WhiteElo "2696"]
[BlackElo "2713"]
[PlyCount "102"]

1. Nf3 c5 2. c4 Nc6 3. Nc3 g6 4. e3 Nf6 5. d4 cxd4 6. exd4 d5 7. cxd5 Nxd5 8. Qb3 Nxc3 9. Bc4 e6 10. bxc3 Bg7 11. Ba3 Bf8 12. O-O Bxa3 13. Qxa3 Qe7 14. Qc1 O-O 15. Qf4 Kg7 16. Rfe1 Qf6 17. Qe4 Bd7 18. Ne5 Rad8 19. Rab1 Na5 20. Bb5 Bxb5 21. Rxb5 b6 22. Ng4 Qe7 23. Qe5+ f6 24. Qxe6 Qxe6 25. Rxe6 Rc8 26. h4 Rxc3 27. h5 gxh5 28. Rxh5 Rc7 29. Ne3 Kg6 30. g4 Rc6 31. Re7 Rf7 32. Rxf7 Kxf7 33. Rxh7+ Kg6 34. Rxa7 Kg5 35. Kg2 Kf4 36. Rf7 Rd6 37. d5 b5 38. Ra7 Nc4 39. Nxc4 bxc4 40. Ra4 Kxg4 41. Rxc4+ Kf5 42. Rd4 Kg6 43. Kf3 Kf7 44. a4 Ke7 45. Ke4 Ra6 46. Rb4 Kd6 47. Rd4 Ra8 48. Kf5 Rh8 49. f4 Rh6 50. a5 Kd7 51. d6 1-0

[Event "World Blitz Championship"]
[Site "Almaty KAZ"]
[Date "2022.12.30"]
[Round "13.10"]
[White "Vincent Keymer"]
[Black "Sarin Nihal"]
[Result "1-0"]
[EventDate "2022.12.29"]
[WhiteElo "2696"]
[BlackElo "2670"]
[PlyCount "116"]

1. d4 d5 2. c4 e6 3. Nc3 h6 4. cxd5 exd5 5. Bf4 c6 6. e3 Bf5 7. Nf3 Nf6 8. Bd3 Bxd3 9. Qxd3 Nbd7 10. O-O Be7 11. h3 O-O 12. Bh2 Re8 13. Nh4 Ng4 14. hxg4 Bxh4 15. Rae1 Be7 16. Qf5 Nf6 17. Be5 Qc8 18. f3 Qxf5 19. gxf5 Nd7 20. Bg3 Nb6 21. e4 dxe4 22. fxe4 Rad8 23. Bf2 Bg5 24. Re2 Nd7 25. e5 Nb6 26. Ne4 Nd5 27. g3 Nb4 28. Kg2 Nd3 29. Bg1 a5 30. a3 a4 31. Rc2 Rd5 32. Nxg5 hxg5 33. Be3 c5 34. Rd2 c4 35. Kf3 Rb5 36. Ke4 Rb3 37. Rc2 b5 38. Bc1 g4 39. f6 Kf8 40. fxg7+ Kxg7 41. Rf6 Re6 42. Rf1 Nxc1 43. Rcxc1 Rxb2 44. Rf4 Re2+ 45. Kd5 Re3 46. Rxg4+ Rg6 47. Rxg6+ Kxg6 48. Kc6 Rxa3 49. Kxb5 Rxg3 50. Kxa4 Kf5 51. Kb4 Ke6 52. Kxc4 f6 53. exf6 Kxf6 54. Re1 Rg8 55. d5 Rc8+ 56. Kb5 Rc2 57. Kb6 Kf7 58. d6 1-0

[Event "World Blitz Championship"]
[Site "Almaty KAZ"]
[Date "2022.12.30"]
[Round "18.8"]
[White "Vincent Keymer"]
[Black "Yangyi Yu"]
[Result "1-0"]
[EventDate "2022.12.29"]
[WhiteElo "2696"]
[BlackElo "2728"]
[PlyCount "68"]

1. Nf3 Nf6 2. c4 e6 3. Nc3 c5 4. g3 d5 5. cxd5 exd5 6. d4 Nc6 7. a3 c4 8. Bg5 Be7 9. Bg2 Be6 10. e3 Nd7 11. Bxe7 Qxe7 12. O-O O-O 13. b3 Nb6 14. Nd2 Rfd8 15. bxc4 dxc4 16. Qh5 g6 17. Qb5 Bf5 18. Nde4 Rac8 19. Rfc1 Kg7 20. a4 Qb4 21. Rab1 Qxb5 22. Rxb5 Bxe4 23. Bxe4 Rc7 24. a5 Nc8 25. Rc5 Rdd7 26. Nb5 Nd6 27. Nxd6 Rxd6 28. d5 f5 29. Bg2 b6 30. axb6 axb6 31. Rxc6 Rdxc6 32. dxc6 b5 33. Rb1 c3 34. Rxb5 1-0

[Event "World Blitz Championship"]
[Site "Almaty KAZ"]
[Date "2022.12.30"]
[Round "19.6"]
[White "Anish Giri"]
[Black "Vincent Keymer"]
[Result "1/2-1/2"]
[EventDate "2022.12.29"]
[WhiteElo "2764"]
[BlackElo "2696"]
[PlyCount "36"]

1. d4 Nf6 2. c4 e6 3. Nf3 d5 4. Nc3 c5 5. cxd5 Nxd5 6. e4 Nxc3 7. bxc3 cxd4 8. cxd4 Bb4+ 9. Bd2 Bxd2+ 10. Qxd2 O-O 11. Rd1 Bd7 12. Bd3 Ba4 13. Bc2 Bxc2 14. Qxc2 Qa5+ 15. Qd2 Nc6 16. Qxa5 Nxa5 17. Ke2 Rfd8 18. Rb1 1/2-1/2

[Event "World Blitz Championship"]
[Site "Almaty KAZ"]
[Date "2022.12.30"]
[Round "21.11"]
[White "Vincent Keymer"]
[Black "Aleksandr Shimanov"]
[Result "1-0"]
[EventDate "2022.12.29"]
[WhiteElo "2696"]
[BlackElo "2581"]
[PlyCount "72"]

1. Nf3 Nf6 2. c4 g6 3. Nc3 Bg7 4. g3 O-O 5. Bg2 c5 6. d4 cxd4 7. Nxd4 Qc7 8. Qd3 Nc6 9. O-O d6 10. b3 Nxd4 11. Qxd4 Ne4 12. Qxe4 Bxc3 13. Bh6 Bg7 14. Bxg7 Kxg7 15. Rac1 Kg8 16. Qf4 Qb6 17. h4 Be6 18. h5 Rac8 19. Rfd1 Rc5 20. Bd5 Bxd5 21. Rxd5 Rfc8 22. Rcd1 Rxd5 23. Rxd5 Rc5 24. h6 Rxd5 25. cxd5 Qc5 26. Qa4 Qc1+ 27. Kg2 Qxh6 28. Qxa7 Qd2 29. Qxb7 Qxe2 30. a4 Qe4+ 31. Kh2 Qd4 32. Qc8+ Kg7 33. Qc2 Qxd5 34. b4 e5 35. a5 Qd4 36. b5 1-0

[Event "World Blitz Championship"]
[Site "Almaty KAZ"]
[Date "2022.12.29"]
[Round "1.59"]
[White "Petr Kostenko"]
[Black "Vincent Keymer"]
[Result "0-1"]
[EventDate "2022.12.29"]
[WhiteElo "2374"]
[BlackElo "2696"]
[PlyCount "92"]

1. c4 Nf6 2. g3 e6 3. Bg2 d5 4. Nf3 d4 5. O-O c5 6. b4 cxb4 7. a3 Nc6 8. d3 a5 9. Nbd2 Be7 10. axb4 Bxb4 11. Ba3 Bxa3 12. Rxa3 O-O 13. Qa1 Ra6 14. Rb1 b6 15. Rab3 h6 16. Qb2 a4 17. Ra3 e5 18. Qb5 Qc7 19. Rxa4 Rxa4 20. Qxa4 Bd7 21. Qa6 Rb8 22. Ne1 Nd8 23. Nc2 Ne6 24. Nb4 Nc5 25. Qa3 Bg4 26. Kf1 Re8 27. Nd5 Nxd5 28. Bxd5 Bf5 29. Qb4 Rb8 30. Nb3 Nxd3 31. Qb5 Nxf2 32. Nxd4 exd4 33. Kxf2 Bxb1 34. Qxb1 Qd6 35. Qe4 Qf6+ 36. Kg2 Rd8 37. h4 h5 38. Qd3 g6 39. Qb3 Kg7 40. Bf3 Re8 41. Qb5 Re3 42. Qd5 Qe5 43. Qb7 Rxe2+ 44. Bxe2 Qxe2+ 45. Kh3 d3 46. Qxb6 d2 0-1

[Event "World Blitz Championship"]
[Site "Almaty KAZ"]
[Date "2022.12.29"]
[Round "2.3"]
[White "Vincent Keymer"]
[Black "Fabiano Caruana"]
[Result "1/2-1/2"]
[EventDate "2022.12.29"]
[WhiteElo "2696"]
[BlackElo "2766"]
[PlyCount "68"]

1. Nf3 d5 2. e3 Nf6 3. c4 e6 4. b3 b6 5. g3 dxc4 6. bxc4 Bb7 7. Bg2 c5 8. O-O Be7 9. Nc3 O-O 10. Bb2 Nc6 11. Qe2 a6 12. a3 Qc7 13. Rab1 Rfd8 14. Ba1 Rab8 15. d3 Ba8 16. Rfd1 Na7 17. Ng5 Bxg2 18. Kxg2 h6 19. Nge4 b5 20. cxb5 axb5 21. Rbc1 Qb7 22. Qf3 b4 23. Nxf6+ Bxf6 24. Qxb7 Rxb7 25. Ne4 Bxa1 26. Rxa1 Rd5 27. axb4 cxb4 28. d4 Nb5 29. Rdb1 e5 30. Rxb4 exd4 31. exd4 Rxd4 32. Rab1 Rxb4 33. Rxb4 Nd6 34. Rxb7 1/2-1/2

[Event "World Blitz Championship"]
[Site "Almaty KAZ"]
[Date "2022.12.29"]
[Round "3.17"]
[White "Vachier-Lagrave, Maxime"]
[Black "Vincent Keymer"]
[Result "1-0"]
[EventDate "2022.12.29"]
[WhiteElo "2737"]
[BlackElo "2696"]
[PlyCount "80"]

1. e4 c6 2. Nf3 d5 3. Nc3 dxe4 4. Nxe4 Nf6 5. Qe2 Nxe4 6. Qxe4 Nd7 7. Bc4 Nf6 8. Ne5 e6 9. Qe2 b5 10. Bd3 Qc7 11. b3 Bd6 12. Bb2 Nd5 13. O-O-O Nf4 14. Qe4 Nxd3+ 15. Nxd3 O-O 16. h4 Bb7 17. h5 h6 18. Rhe1 Rae8 19. Qg4 e5 20. Qg3 f6 21. Qg6 c5 22. f4 c4 23. Nf2 Qf7 24. Qxf7+ Rxf7 25. fxe5 fxe5 26. Ne4 Bc7 27. Re2 Rf5 28. Rh1 Ref8 29. Bc3 Bd5 30. Kb2 a5 31. b4 a4 32. a3 Kh7 33. Rh3 Kg8 34. Nc5 Rg5 35. Rhe3 Bxg2 36. Ne6 Bb6 37. Nxf8 Bxe3 38. Ne6 Bf4 39. Nxg5 Bf1 40. Rf2 1-0

[Event "World Blitz Championship"]
[Site "Almaty KAZ"]
[Date "2022.12.29"]
[Round "4.46"]
[White "Vincent Keymer"]
[Black "Kazybek Nogerbek"]
[Result "1-0"]
[EventDate "2022.12.29"]
[WhiteElo "2696"]
[BlackElo "2468"]
[PlyCount "142"]

1. Nf3 d5 2. e3 Nf6 3. c4 e6 4. Nc3 Bd6 5. b3 O-O 6. Bb2 b6 7. g3 Bb7 8. Bg2 a6 9. O-O Nbd7 10. cxd5 exd5 11. Rc1 Re8 12. Re1 Qe7 13. Re2 c5 14. d4 c4 15. Nd2 cxb3 16. Qxb3 Qe6 17. Nf3 b5 18. Ng5 Qf5 19. h4 h6 20. e4 Qg6 21. e5 hxg5 22. hxg5 Qxg5 23. exd6 Rac8 24. a4 Bc6 25. axb5 Bxb5 26. Rxe8+ Rxe8 27. Nxb5 axb5 28. Qxb5 Qd2 29. Ba3 Qxd4 30. Bh3 Rd8 31. Qb4 Qa7 32. Bb2 Qb6 33. Bc3 Ne4 34. Qxb6 Nxb6 35. Bd4 Nc4 36. d7 Nf6 37. Bxf6 gxf6 38. Rb1 Ne5 39. Rd1 d4 40. Kg2 Kf8 41. Rxd4 Ke7 42. Re4 Kf8 43. Rd4 Ke7 44. Bf5 Nxd7 45. Bxd7 Rxd7 46. Rxd7+ Kxd7 47. Kf3 f5 48. Kf4 Ke6 49. Kg5 Ke5 50. f3 f6+ 51. Kg6 f4 52. g4 Kd4 53. Kxf6 Ke3 54. g5 Kxf3 55. g6 Ke2 56. g7 f3 57. g8=Q f2 58. Qg2 Ke1 59. Qe4+ Kf1 60. Kg5 Kg1 61. Qg4+ Kh2 62. Qf3 Kg1 63. Qg4+ Kh2 64. Qf4+ Kg2 65. Qe4+ Kg1 66. Qd4 Kg2 67. Qd2 Kg1 68. Kg4 Kg2 69. Qe2 Kg1 70. Kg3 f1=Q 71. Qh2# 1-0